UBT Library

The miners' express. (Record no. 1014)

000 -LEADER
fixed length control field 00350nam a22001337a 4500
005 - DATE AND TIME OF LATEST TRANSACTION
control field 20150609053857.0
008 - FIXED-LENGTH DATA ELEMENTS--GENERAL INFORMATION
fixed length control field 150609b xxu||||| |||| 00| 0 eng d
080 ## - UNIVERSAL DECIMAL CLASSIFICATION NUMBER
Universal Decimal Classification number 622.222
245 ## - TITLE STATEMENT
Title The miners' express.
260 ## -
-- Dubuque, Iowa :
-- D.S. Wilson & A. Keesecker
300 ## -
-- 239 f.
-- me il.;
-- 55-69 cm.
650 1# -
-- The miners
942 ## - ADDED ENTRY ELEMENTS (KOHA)
Source of classification or shelving scheme
Item type Books
Holdings
Withdrawn status Lost status Source of classification or shelving scheme Damaged status Not for loan Collection code Permanent location Current location Shelving location Date acquired Total Checkouts Full call number Date last seen Price effective from Koha item type
          Koleksioni i përgjithshem UBT - Prishtine UBT - Prishtine Koleksioni i përgjithshem 06/09/2015   622.222 MIN 06/09/2015 06/09/2015 Books
UBT Library © 2015-2024. All rights reserved University Education for Business and Technology